000 00358nam a2200157Ia 4500
008 230711s9999||||xx |||||||||||||| ||und||
041 _aENG
082 _a530
_bBA-A
100 _aBanwal,R.A
245 0 _aApplied Physics-II
250 _a1st Ed.
260 _c1992
_aJalandhar
_bEagles Prakashan Regd
300 _a464p.
650 _aPhysics
942 _cBK
999 _c7677
_d7677